El libro del pueblo o, Consejos a los obreros sobre los medios de mejorar su condición, por M. Barrau, obra coronada por la Academia Francesa i traducida libremente al castellano por María Isabel de la Barra Aristegui, ex alumna del Colejio de las Monjas Francesas de los SS. Corazones

Guardat en:
Dades bibliogràfiques
Autor principal: Barrau, M. (Autor)
Format: Llibre
Idioma:espanyol
Publicat: Santiago Imprenta de El Independiente, Calle de la Compañía, N§ 102 1897
Edició:1a. ed
Matèries:
Etiquetes: Afegir etiqueta
Sense etiquetes, Sigues el primer a etiquetar aquest registre!

MARC

LEADER 00000nam a2200000 a 4500
001 UCJ5832
003 CL-VaPUC
008 070124e18970000CL |||||||||||||||||spa|d
082 0 4 |a 374  |b BAR  |2 21 
100 0 |a Barrau, M.  |e author  |9 511647 
245 1 3 |a El libro del pueblo o, Consejos a los obreros sobre los medios de mejorar su condición, por M. Barrau, obra coronada por la Academia Francesa i traducida libremente al castellano por María Isabel de la Barra Aristegui, ex alumna del Colejio de las Monjas Francesas de los SS. Corazones 
250 |a 1a. ed 
300 |a 159 p 
942 |c BK 
945 |d 20070124 00:00:00  |a rinostro 
260 |a Santiago  |b Imprenta de El Independiente, Calle de la Compañía, N§ 102  |c 1897 
600 0 7 |a BARRA ARISTEGUI, MARIA ISABEL DE LA  |2 CL-VaPUC  |9 511648 
650 0 |a Educación de adultos  |9 307580 
650 7 |a OBREROS  |2 CL-VaPUC  |9 358117 
650 0 |a Ética  |9 255099 
650 0 |a Relaciones laborales   |9 335971 
650 0 |a Familias   |9 255641 
583 |a last modification  |c 20070124 00:00:00  |k Rodrigo Vera 
999 |c 321940  |d 321938 
952 |0 0  |1 0  |4 0  |6 374_000000000000000_BAR_1897  |7 0  |8 X  |9 400831  |a FDOBUD  |b FDOBUD  |d 2019-11-22  |i 1040227  |o 374 BAR 1897  |p 1040227  |r 2019-11-22  |w 2019-11-22  |y BK_X  |k BUD